[Event "9MCRV_F"]
[Site "?"]
[Date "2009.??.??"]
[Round "1"]
[White "Hladecek, Miloslav"]
[Black "Jirku, Jaroslav"]
[Result "1-0"]
[WhiteElo "2374"]
[BlackElo "2316"]
[PlyCount "83"]
[EventDate "2009.??.??"]
[EventType "corr"]
[EventRounds "2"]

1. d4 d5 2. Nf3 Nf6 3. c4 e6 4. Nc3 Be7 5. Bf4 O-O 6. e3 c5 7. dxc5 Bxc5 8. Be2
dxc4 9. Bxc4 a6 10. Bd3 b5 11. a4 b4 12. Ne4 Nbd7 13. Rc1 Qb6 14. Qc2 Nxe4 15.
Bxe4 b3 16. Qb1 Qb4+ 17. Ke2 Bb7 18. Bxb7 Qxb7 19. Ng5 g6 20. Rhd1 Rac8 21. Qe4
Qa7 22. Qd3 Nf6 23. Qxb3 Rfe8 24. Be5 Nd7 25. Bc3 Bf8 26. Ne4 Be7 27. Nd6 Bxd6
28. Rxd6 Nc5 29. Qb4 Qe7 30. Qd4 e5 31. Qxe5 Qxe5 32. Bxe5 Rxe5 33. b4 a5 34.
f4 Rh5 35. bxc5 Rcxc5 36. Rxc5 Rxc5 37. Kd3 Rc1 38. Rd5 Rg1 39. g3 Rg2 40. Rxa5
Rxh2 41. Rd5 Ra2 42. a5 1-0

[Event "9MCRV_F"]
[Site "?"]
[Date "2009.??.??"]
[Round "1"]
[White "Hladecek, Miloslav"]
[Black "Novak, Vratislav"]
[Result "1-0"]
[WhiteElo "2374"]
[BlackElo "2278"]
[PlyCount "57"]
[EventDate "2009.??.??"]
[EventType "corr"]
[EventRounds "2"]

1. e4 c5 2. Nf3 d6 3. Nc3 Nc6 4. Bc4 Nf6 5. O-O Bg4 6. h3 Bh5 7. Re1 e6 8. g4
Bg6 9. d4 cxd4 10. Nxd4 a6 11. Nxc6 bxc6 12. f4 Qc7 13. Bb3 d5 14. exd5 cxd5
15. Ba4+ Kd8 16. Nxd5 Bc5+ 17. Kg2 Nxd5 18. c4 Bb4 19. cxd5 Bxe1 20. dxe6+ Ke7
21. Qxe1 Qc4 22. Bd2 Rhb8 23. b4 Be4+ 24. Kg1 Rc8 25. exf7 Qd3 26. Be3 Rc3 27.
Kf2 Rd8 28. Rc1 Rxc1 29. Qxc1 1-0

[Event "9MCRV_F"]
[Site "?"]
[Date "2009.??.??"]
[Round "1"]
[White "Hladecek, Miloslav"]
[Black "Pecka, Josef"]
[Result "1/2-1/2"]
[WhiteElo "2374"]
[BlackElo "2292"]
[PlyCount "99"]
[EventDate "2009.??.??"]
[EventType "corr"]
[EventRounds "2"]

1. e4 e6 2. d4 d5 3. Nc3 Bb4 4. e5 c5 5. a3 Bxc3+ 6. bxc3 Ne7 7. Qg4 O-O 8. Bd3
f5 9. exf6 Rxf6 10. Bg5 Rf7 11. Qh5 g6 12. Qd1 Nbc6 13. Nf3 Qa5 14. Bd2 c4 15.
Be2 Nf5 16. O-O Bd7 17. Re1 Re8 18. h3 Nd6 19. Bf1 Ref8 20. Bh6 Rxf3 21. gxf3
Qxc3 22. Bxf8 Kxf8 23. Ra2 Nf5 24. Qa1 Qxa1 25. Rexa1 Ncxd4 26. f4 Bc6 27. c3
Nf3+ 28. Kh1 Ke7 29. Rc1 Kd6 30. Bg2 d4 31. a4 d3 32. Bxf3 Bxf3+ 33. Kg1 Bc6
34. a5 Ne7 35. Kf1 Nd5 36. f3 Nxf4 37. Kf2 Nxh3+ 38. Ke3 Ng5 39. Rf1 e5 40. Rh2
b5 41. axb6 axb6 42. f4 Ne4 43. fxe5+ Kxe5 44. Rf4 d2 45. Rxe4+ Bxe4 46. Rxd2
Bc6 47. Rd8 h5 48. Rg8 Kf5 49. Rf8+ Kg5 50. Rc8 1/2-1/2

[Event "9MCRV_F"]
[Site "?"]
[Date "2010.??.??"]
[Round "1"]
[White "Hladecek, Miloslav"]
[Black "Sykora, Josef"]
[Result "1-0"]
[WhiteElo "2374"]
[BlackElo "2314"]
[PlyCount "105"]
[EventDate "2009.??.??"]
[EventType "corr"]
[EventRounds "2"]

1. e4 c6 2. d4 d5 3. Nc3 dxe4 4. Nxe4 Bf5 5. Ng3 Bg6 6. Nf3 Nf6 7. Bd3 e6 8.
O-O Nbd7 9. Bf4 Be7 10. Bxg6 hxg6 11. c4 O-O 12. Qe2 Qa5 13. h3 Rfe8 14. a3 b5
15. c5 Qa4 16. Be5 Red8 17. Rad1 Rac8 18. Rd3 a5 19. Rfd1 b4 20. b3 Qb5 21. a4
Qb7 22. Qc2 Qa7 23. Nf1 Nxe5 24. Nxe5 Nd5 25. Ne3 Bf6 26. N3c4 Bxe5 27. Nxe5
Qc7 28. Rf3 Rf8 29. Re1 Rcd8 30. Qe4 Rc8 31. Nc4 Rcd8 32. h4 Rd7 33. Ne5 Nf6
34. Qf4 Nh5 35. Qe3 Rdd8 36. g4 Nf6 37. Kg2 Nd5 38. Qe4 f5 39. Qe2 fxg4 40.
Rxf8+ Rxf8 41. Qxg4 Rf6 42. Re4 Qe7 43. Kg1 Qe8 44. Qg2 Ne7 45. Ng4 Rf8 46.
Rxe6 Qd7 47. Re4 Kh7 48. Ne5 Qd5 49. Nc4 Nf5 50. Qg4 Nh6 51. Qe2 Qd8 52. Ne5
Nf5 53. Qg4 1-0

[Event "9MCRV_F"]
[Site "?"]
[Date "2009.??.??"]
[Round "1"]
[White "Hladecek, Miloslav"]
[Black "Valak, Alois"]
[Result "1/2-1/2"]
[WhiteElo "2374"]
[BlackElo "2335"]
[PlyCount "70"]
[EventDate "2009.??.??"]
[EventType "corr"]
[EventRounds "2"]

1. e4 e5 2. Nf3 Nc6 3. Bb5 a6 4. Ba4 Nf6 5. O-O Be7 6. d4 O-O 7. Re1 Nxd4 8.
Nxd4 exd4 9. e5 Ne8 10. Qxd4 d5 11. c4 b5 12. cxb5 axb5 13. Bxb5 c5 14. Qd1 Nc7
15. Be2 Be6 16. Bf3 Nb5 17. g3 Nd4 18. Bg2 Qd7 19. Nc3 Bg4 20. Qd3 Bf5 21. Qd1
Nc2 22. Nxd5 Nxa1 23. Nxe7+ Qxe7 24. Bxa8 Nc2 25. Rf1 Rd8 26. Bd5 Rd7 27. g4
Bg6 28. f4 Nb4 29. f5 Rxd5 30. Qf3 Bxf5 31. gxf5 Qxe5 32. f6 g5 33. h4 h6 34.
hxg5 hxg5 35. Rf2 c4 1/2-1/2

[Event "9MCRV_F"]
[Site "?"]
[Date "2009.??.??"]
[Round "1"]
[White "Jirku, Jaroslav"]
[Black "Novak, Vratislav"]
[Result "1-0"]
[WhiteElo "2316"]
[BlackElo "2278"]
[PlyCount "35"]
[EventDate "2009.??.??"]
[EventType "corr"]
[EventRounds "2"]

1. e4 c5 2. Nf3 d6 3. d4 cxd4 4. Nxd4 Nf6 5. Nc3 a6 6. Be3 Nbd7 7. f4 Qc7 8.
Be2 e5 9. Nf5 Nc5 10. Ng3 Be7 11. O-O O-O 12. Qe1 Be6 13. Rd1 Qc6 14. f5 Bd7
15. Nd5 Rfe8 16. b4 Na4 17. c4 Kh8 18. Nxe7 1-0

[Event "9MCRV_F"]
[Site "?"]
[Date "2009.??.??"]
[Round "1"]
[White "Jirku, Jaroslav"]
[Black "Pecka, Josef"]
[Result "0-1"]
[WhiteElo "2316"]
[BlackElo "2292"]
[PlyCount "108"]
[EventDate "2009.??.??"]
[EventType "corr"]
[EventRounds "2"]

1. e4 e6 2. d4 d5 3. Nc3 Nf6 4. Bg5 dxe4 5. Nxe4 Be7 6. Bxf6 Bxf6 7. Nf3 Nd7 8.
c3 O-O 9. Qc2 e5 10. O-O-O exd4 11. Nxd4 Bxd4 12. Rxd4 Qe7 13. h4 h6 14. Ng5 g6
15. Qd2 Ne5 16. Ne4 Bf5 17. Ng3 c5 18. Nxf5 gxf5 19. Rd5 Rfd8 20. c4 Rxd5 21.
cxd5 Rd8 22. Be2 Qf6 23. Rd1 Nc6 24. Bf3 Nd4 25. Qa5 Qb6 26. Qa3 Re8 27. Qc3
Qd6 28. Qa3 Qd7 29. Kb1 f4 30. Qc3 Qf5+ 31. Ka1 a5 32. h5 b5 33. Rc1 Rc8 34.
Qd2 a4 35. Bd1 Qe4 36. Bc2 Nxc2+ 37. Rxc2 c4 38. Qe2 Qxd5 39. Qg4+ Kh7 40. Qxf4
Rg8 41. a3 Rxg2 42. Rd2 Qxh5 43. Rd6 c3 44. bxc3 Rg1+ 45. Kb2 Qe2+ 46. Qd2
Qxd2+ 47. Rxd2 h5 48. Rd5 Kg6 49. Rxb5 h4 50. Rb8 Rg5 51. Rh8 Rh5 52. Rg8+ Kf5
53. Rg2 h3 54. Rh2 Ke4 0-1

[Event "9MCRV_F"]
[Site "?"]
[Date "2009.??.??"]
[Round "1"]
[White "Jirku, Jaroslav"]
[Black "Sykora, Josef"]
[Result "1-0"]
[WhiteElo "2316"]
[BlackElo "2314"]
[PlyCount "89"]
[EventDate "2009.??.??"]
[EventType "corr"]
[EventRounds "2"]

1. e4 c6 2. d4 d5 3. Nc3 dxe4 4. Nxe4 Bf5 5. Ng3 Bg6 6. h4 h6 7. Nf3 Nd7 8. h5
Bh7 9. Bd3 Bxd3 10. Qxd3 e6 11. Bf4 Qa5+ 12. Bd2 Qc7 13. O-O-O O-O-O 14. Qe2
Bd6 15. Ne4 Bf4 16. Bxf4 Qxf4+ 17. Qe3 Qxe3+ 18. fxe3 Kc7 19. Nf2 Ngf6 20. Rh4
Rhe8 21. Nd3 Nd5 22. Re1 f5 23. e4 N5f6 24. e5 Ng4 25. Nd2 b5 26. c3 a5 27. Nb3
a4 28. Nbc5 Nxc5 29. Nxc5 Re7 30. Rh3 Kb6 31. Re2 Rg8 32. Kd2 Ra8 33. Rf3 Nh2
34. Rh3 Ng4 35. c4 Rd8 36. Kc3 Ka5 37. b4+ Kb6 38. Rd3 Ree8 39. a3 Re7 40. Rf3
Nh2 41. Rf4 Ng4 42. Rf1 Kc7 43. Nd3 bxc4 44. Nc5 Ra8 45. Kxc4 1-0

[Event "9MCRV_F"]
[Site "?"]
[Date "2009.??.??"]
[Round "1"]
[White "Kuta, Jiri"]
[Black "Hladecek, Miloslav"]
[Result "1/2-1/2"]
[WhiteElo "2375"]
[BlackElo "2374"]
[PlyCount "79"]
[EventDate "2009.??.??"]
[EventType "corr"]
[EventRounds "2"]

1. d4 Nf6 2. c4 c5 3. d5 d6 4. Nc3 g6 5. e4 Bg7 6. Nf3 O-O 7. h3 a6 8. Bd3 b5
9. cxb5 axb5 10. Nxb5 Na6 11. O-O Nb4 12. a4 Ba6 13. Re1 Nxd3 14. Qxd3 Nd7 15.
Qb3 Qb6 16. Bf4 Rfc8 17. Nd2 Qa5 18. Reb1 Nb6 19. Ra3 Qb4 20. Qxb4 cxb4 21.
Raa1 Nc4 22. Nxc4 Rxc4 23. Be3 f5 24. exf5 gxf5 25. g3 Rc2 26. Bg5 h6 27. Bxe7
b3 28. Rd1 Rxb2 29. Bxd6 Bxb5 30. axb5 Rxa1 31. Rxa1 Ra2 32. Rb1 b2 33. Kg2 Ra1
34. Rxb2 Bxb2 35. b6 Ba3 36. Bc7 Rb1 37. d6 Bxd6 38. Bxd6 Rxb6 39. Bf4 Kg7 40.
Be5+ 1/2-1/2

[Event "9MCRV_F"]
[Site "?"]
[Date "2009.??.??"]
[Round "1"]
[White "Kuta, Jiri"]
[Black "Jirku, Jaroslav"]
[Result "1/2-1/2"]
[WhiteElo "2375"]
[BlackElo "2316"]
[PlyCount "61"]
[EventDate "2009.??.??"]
[EventType "corr"]
[EventRounds "2"]

1. d4 d5 2. c4 e6 3. Nc3 Nf6 4. Bg5 Be7 5. Nf3 h6 6. Bh4 O-O 7. e3 b6 8. Be2
Bb7 9. Bxf6 Bxf6 10. cxd5 exd5 11. b4 c6 12. O-O a5 13. b5 c5 14. Ne5 Qc7 15.
Ng4 Nd7 16. Bf3 Rad8 17. Nxd5 Bxd5 18. Bxd5 h5 19. Nxf6+ Nxf6 20. Bc6 cxd4 21.
exd4 Qf4 22. d5 Rd6 23. Rc1 Rfd8 24. g3 Qg5 25. h4 Qg6 26. Re1 Nxd5 27. Bxd5
Rxd5 28. Re8+ Rxe8 29. Qxd5 Qe6 30. Qxe6 Rxe6 31. Rc6 1/2-1/2

[Event "9MCRV_F"]
[Site "?"]
[Date "2009.??.??"]
[Round "1"]
[White "Kuta, Jiri"]
[Black "Novak, Vratislav"]
[Result "1/2-1/2"]
[WhiteElo "2375"]
[BlackElo "2278"]
[PlyCount "44"]
[EventDate "2009.??.??"]
[EventType "corr"]
[EventRounds "2"]

1. d4 Nf6 2. c4 e6 3. Nf3 b6 4. a3 Bb7 5. Nc3 d5 6. cxd5 Nxd5 7. Qc2 Nxc3 8.
bxc3 Be7 9. e4 Nd7 10. Bd3 c5 11. Bf4 O-O 12. O-O Rc8 13. Qe2 Nf6 14. Rfd1 cxd4
15. cxd4 Rc3 16. Rdc1 Rxc1+ 17. Rxc1 Qa8 18. e5 Bxf3 19. Qxf3 Qxf3 20. gxf3 Nd5
21. Be3 Rb8 22. a4 Ba3 1/2-1/2

[Event "9MCRV_F"]
[Site "?"]
[Date "2009.??.??"]
[Round "1"]
[White "Kuta, Jiri"]
[Black "Sykora, Josef"]
[Result "1/2-1/2"]
[WhiteElo "2375"]
[BlackElo "2314"]
[PlyCount "47"]
[EventDate "2009.??.??"]
[EventType "corr"]
[EventRounds "2"]

1. d4 d5 2. c4 c6 3. Nf3 Nf6 4. Nc3 e6 5. Bg5 h6 6. Bh4 dxc4 7. e4 g5 8. Bg3 b5
9. Be2 Bb7 10. h4 g4 11. Ne5 h5 12. O-O Nbd7 13. Qc2 Nxe5 14. Bxe5 Bg7 15. Rad1
O-O 16. Bg3 Nd7 17. f3 c5 18. dxc5 Qe7 19. fxg4 Nxc5 20. Bd6 Qxh4 21. g3 Qg5
22. Bf4 Qe7 23. Bd6 Qg5 24. Bf4 1/2-1/2

[Event "9MCRV_F"]
[Site "?"]
[Date "2009.??.??"]
[Round "1"]
[White "Kuta, Jiri"]
[Black "Valak, Alois"]
[Result "1/2-1/2"]
[WhiteElo "2375"]
[BlackElo "2335"]
[PlyCount "98"]
[EventDate "2009.??.??"]
[EventType "corr"]
[EventRounds "2"]

1. d4 d5 2. c4 e6 3. Nc3 Nf6 4. Nf3 Bb4 5. Bg5 O-O 6. e3 c5 7. cxd5 exd5 8.
dxc5 Nbd7 9. Rc1 Qa5 10. a3 Bxc3+ 11. Rxc3 Ne4 12. b4 Nxc3 13. Qa1 Qa4 14. Qxc3
Re8 15. Bd3 a5 16. Bc2 Qb5 17. Bd3 Qa4 18. O-O axb4 19. axb4 Qa3 20. Qd4 Nf8
21. Rb1 Qa2 22. Rb2 Qa1+ 23. Rb1 Qxd4 24. Nxd4 Bd7 25. Bf4 Ra3 26. Bf1 Rea8 27.
Nc2 Rc3 28. Rb2 Ng6 29. Bd6 f6 30. b5 Ne5 31. c6 bxc6 32. Bb4 Rc4 33. Bxc4 Nxc4
34. Rb1 cxb5 35. Ra1 Ra4 36. Bc3 Rxa1+ 37. Bxa1 Kf7 38. Bc3 Ne5 39. f4 Nd3 40.
Kf1 Bg4 41. Bd2 Nb2 42. Nd4 Nc4 43. Ke1 b4 44. Bxb4 Nxe3 45. Kf2 Nd1+ 46. Kg3
Bd7 47. Kf3 Nb2 48. f5 Nd3 49. Bc3 Bc8 1/2-1/2

[Event "9MCRV_F"]
[Site "?"]
[Date "2009.??.??"]
[Round "1"]
[White "Pecka, Josef"]
[Black "Novak, Vratislav"]
[Result "1/2-1/2"]
[WhiteElo "2292"]
[BlackElo "2278"]
[PlyCount "64"]
[EventDate "2009.??.??"]
[EventType "corr"]
[EventRounds "2"]

1. e4 c5 2. Nf3 d6 3. d4 cxd4 4. Nxd4 Nf6 5. Nc3 a6 6. Be3 e5 7. Nb3 Be6 8. f3
h5 9. Nd5 Nbd7 10. c4 h4 11. Be2 Be7 12. Qd2 Bxd5 13. cxd5 a5 14. a4 b6 15. Rc1
Nc5 16. Bb5+ Kf8 17. Nxc5 bxc5 18. O-O Kg8 19. Rcd1 Rb8 20. Rde1 Nh5 21. f4 Bf6
22. fxe5 Bxe5 23. Rf5 h3 24. g3 Qe7 25. Bg5 Nf6 26. b3 Bd4+ 27. Kh1 Qc7 28.
Bxf6 Bxf6 29. Ref1 Rf8 30. Rxf6 gxf6 31. Rxf6 Rh7 32. Qf4 Rd8 1/2-1/2

[Event "9MCRV_F"]
[Site "?"]
[Date "2009.??.??"]
[Round "1"]
[White "Pecka, Josef"]
[Black "Sykora, Josef"]
[Result "1-0"]
[WhiteElo "2292"]
[BlackElo "2314"]
[PlyCount "59"]
[EventDate "2009.??.??"]
[EventType "corr"]
[EventRounds "2"]

1. e4 c6 2. d4 d5 3. e5 c5 4. dxc5 e6 5. Bd3 Nd7 6. Nf3 Bxc5 7. O-O Ne7 8. Nbd2
Ng6 9. Nb3 Be7 10. Re1 b6 11. g3 Nc5 12. h4 Nxd3 13. cxd3 Bb7 14. h5 Nf8 15.
Nfd4 g5 16. a4 a5 17. Nb5 h6 18. N3d4 Nd7 19. Qg4 Nc5 20. f4 Rc8 21. f5 Nxd3
22. fxe6 O-O 23. Rf1 Qe8 24. Bxg5 Nxe5 25. Qf5 hxg5 26. Nd6 Bxd6 27. Qxg5+ Ng6
28. Rf6 Rc7 29. Nf5 Bc5+ 30. Kh2 1-0

[Event "9MCRV_F"]
[Site "?"]
[Date "2009.??.??"]
[Round "1"]
[White "Sykora, Josef"]
[Black "Novak, Vratislav"]
[Result "1/2-1/2"]
[WhiteElo "2314"]
[BlackElo "2278"]
[PlyCount "58"]
[EventDate "2009.??.??"]
[EventType "corr"]
[EventRounds "2"]

1. c4 e5 2. g3 Nc6 3. Bg2 Nf6 4. Nc3 Bb4 5. Nd5 O-O 6. a3 Bd6 7. Nc3 Re8 8. d3
Bf8 9. Nf3 d5 10. cxd5 Nxd5 11. O-O h6 12. Bd2 Be6 13. Rc1 Nf6 14. Ne4 Nxe4 15.
dxe4 Qf6 16. Qc2 Rad8 17. Bc3 Bd6 18. Nh4 a5 19. e3 Bc4 20. Rfe1 Qe6 21. Bf1
Bxf1 22. Rxf1 b6 23. Kg2 Nb8 24. Rfd1 Nd7 25. Be1 g6 26. Nf3 Nf6 27. Nd2 g5 28.
h3 h5 29. Nf3 g4 1/2-1/2

[Event "9MCRV_F"]
[Site "?"]
[Date "2009.??.??"]
[Round "1"]
[White "Sykora, Josef"]
[Black "Pecka, Josef"]
[Result "0-1"]
[WhiteElo "2314"]
[BlackElo "2292"]
[PlyCount "144"]
[EventDate "2009.??.??"]
[EventType "corr"]
[EventRounds "2"]

1. c4 c5 2. Nf3 Nf6 3. g3 b6 4. Bg2 Bb7 5. O-O g6 6. d3 Bg7 7. e4 O-O 8. Nc3 d6
9. Nh4 Nc6 10. f4 e6 11. Be3 a6 12. h3 Nh5 13. Kh2 Nd4 14. Qd2 f5 15. Rae1 e5
16. exf5 Bxg2 17. Nxg2 Nxf5 18. Ne2 exf4 19. Bxf4 Nxf4 20. Nexf4 Qg5 21. Qf2
Be5 22. h4 Qh6 23. Qf3 Rae8 24. Re4 Kh8 25. Qg4 Rg8 26. Qg5 Qg7 27. b3 b5 28.
Qg4 bxc4 29. dxc4 g5 30. Nh5 Nxg3 31. Nxg7 Nxe4+ 32. Kh3 Bxg7 33. hxg5 Bc3 34.
Rf5 Rxg5 35. Rxg5 Nf2+ 36. Kg3 Nxg4 37. Kxg4 Re2 38. Kf5 Bg7 39. Rg4 Kg8 40.
Nh4 Kf7 41. Rg2 Re5+ 42. Kf4 Bh6+ 43. Kf3 Rh5 44. Rg4 Ke6 45. Kf2 Rg5 46. Re4+
Re5 47. Rg4 Be3+ 48. Kf1 Kf7 49. Rg3 Bd4 50. Nf3 Re3 51. Rh3 Kg6 52. Kg2 Re4
53. Nh4+ Kg5 54. Nf3+ Kf4 55. Nxd4 Rxd4 56. Rh4+ Ke3 57. Rh3+ Kd2 58. Kf2 a5
59. Rxh7 Kc3 60. Ke1 Kb2 61. Rh2+ Kc1 62. Rh6 Kb1 63. Rh2 Rd3 64. a4 Rxb3 65.
Rd2 Rb4 66. Rxd6 Rxa4 67. Kd2 Rxc4 68. Rb6+ Rb4 69. Ra6 a4 70. Kc3 Rf4 71. Ra5
a3 72. Rb5+ Kc1 0-1

[Event "9MCRV_F"]
[Site "?"]
[Date "2009.??.??"]
[Round "1"]
[White "Valak, Alois"]
[Black "Jirku, Jaroslav"]
[Result "1/2-1/2"]
[WhiteElo "2335"]
[BlackElo "2316"]
[PlyCount "79"]
[EventDate "2009.??.??"]
[EventType "corr"]
[EventRounds "2"]

1. d4 d5 2. c4 e6 3. Nc3 c6 4. Nf3 dxc4 5. e3 b5 6. a4 Bb4 7. Bd2 a5 8. Ne5 Nf6
9. axb5 Bxc3 10. Bxc3 cxb5 11. b3 Bb7 12. bxc4 b4 13. Bb2 O-O 14. f3 Nbd7 15.
Nd3 Qe7 16. Qc2 Rfc8 17. Kf2 Bc6 18. Qd2 Rcb8 19. c5 e5 20. dxe5 Nd5 21. e4 Nc7
22. Nf4 Nxc5 23. Qd6 Qxd6 24. exd6 N7e6 25. Nxe6 Nxe6 26. Bc4 a4 27. Rhc1 Bd7
28. Bd5 Ra5 29. Ke3 Re8 30. f4 g5 31. fxg5 Nxg5 32. Kd3 Ne6 33. Ke3 Nf8 34. Kf2
Rb8 35. Rab1 h5 36. Bf6 Bf5 37. Bc6 Bd7 38. Bd5 Bf5 39. Bc6 Bd7 40. Bd5 1/2-1/2

[Event "9MCRV_F"]
[Site "?"]
[Date "2009.??.??"]
[Round "1"]
[White "Valak, Alois"]
[Black "Novak, Vratislav"]
[Result "1/2-1/2"]
[WhiteElo "2335"]
[BlackElo "2278"]
[PlyCount "75"]
[EventDate "2009.??.??"]
[EventType "corr"]
[EventRounds "2"]

1. d4 Nf6 2. c4 e6 3. g3 d5 4. Nf3 dxc4 5. Qa4+ Bd7 6. Qxc4 Bc6 7. Bg2 Bd5 8.
Qa4+ Qd7 9. Qxd7+ Nbxd7 10. O-O Ne4 11. Nbd2 Nef6 12. Re1 Be7 13. e4 Bc6 14. b3
O-O 15. Bb2 a5 16. a3 h6 17. Rac1 Rfe8 18. h3 Bf8 19. Re3 g6 20. Rc2 h5 21. Bf1
Red8 22. Re1 Rac8 23. Bd3 Bg7 24. a4 Ra8 25. Kg2 Ne8 26. Rcc1 e5 27. d5 Bxd5
28. exd5 e4 29. Bxg7 exf3+ 30. Nxf3 Kxg7 31. Rxe8 Rxe8 32. Rxc7 Ne5 33. Nxe5
Rxe5 34. Bc4 b6 35. Rb7 Ree8 36. Rxb6 Rab8 37. Rc6 Rbc8 38. Rd6 1/2-1/2

[Event "9MCRV_F"]
[Site "?"]
[Date "2009.??.??"]
[Round "1"]
[White "Valak, Alois"]
[Black "Sykora, Josef"]
[Result "1/2-1/2"]
[WhiteElo "2335"]
[BlackElo "2314"]
[PlyCount "74"]
[EventDate "2009.??.??"]
[EventType "corr"]
[EventRounds "2"]

1. d4 d5 2. c4 c6 3. Nf3 Nf6 4. Nc3 e6 5. e3 Nbd7 6. Qc2 Bd6 7. Bd3 O-O 8. O-O
dxc4 9. Bxc4 a6 10. Rd1 b5 11. Be2 Qc7 12. Ne4 Nxe4 13. Qxe4 e5 14. Qd3 exd4
15. Qxd4 Be7 16. Qe4 Bf6 17. Qc2 c5 18. a4 b4 19. e4 Bb7 20. Be3 b3 21. Qb1
Rfe8 22. Nd2 Be5 23. g3 Nf6 24. Qd3 Bxb2 25. Rab1 Be5 26. Rxb3 Rad8 27. Qc2 Bd4
28. f3 Bc6 29. Bxd4 Rxd4 30. Ra3 Rb8 31. Nc4 Nd7 32. Ra2 Nf8 33. Rxd4 cxd4 34.
Kg2 Bd7 35. Ne3 Qd6 36. Nd5 Ne6 37. Rb2 Rxb2 1/2-1/2

[Event "9MCRV_F"]
[Site "?"]
[Date "2009.??.??"]
[Round "2"]
[White "Hladecek, Miloslav"]
[Black "Kuta, Jiri"]
[Result "1/2-1/2"]
[WhiteElo "2377"]
[BlackElo "2375"]
[PlyCount "62"]
[EventDate "2009.??.??"]
[EventType "corr"]
[EventRounds "2"]

1. d4 Nf6 2. Nf3 d5 3. c4 c6 4. e3 Bf5 5. Nc3 e6 6. Nh4 Be4 7. f3 Bg6 8. g3 Be7
9. Be2 dxc4 10. Bxc4 Nbd7 11. O-O Qb6 12. a3 Rd8 13. Nxg6 hxg6 14. b4 a5 15.
Rb1 axb4 16. axb4 O-O 17. Qb3 e5 18. d5 cxd5 19. Nxd5 Nxd5 20. Bxd5 Nf6 21. Bc4
Rc8 22. Bd2 e4 23. fxe4 Nxe4 24. Bxf7+ Kh7 25. Qd3 Nxd2 26. Qxd2 Rcd8 27. Qe2
Bg5 28. Kh1 Rd7 29. Bc4 Rxf1+ 30. Rxf1 Qc6+ 31. Rf3 Rd2 1/2-1/2

[Event "9MCRV_F"]
[Site "?"]
[Date "2009.??.??"]
[Round "2"]
[White "Jirku, Jaroslav"]
[Black "Hladecek, Miloslav"]
[Result "0-1"]
[WhiteElo "2316"]
[BlackElo "2374"]
[PlyCount "60"]
[EventDate "2009.??.??"]
[EventType "corr"]
[EventRounds "2"]

1. e4 e6 2. d4 d5 3. Nc3 Nf6 4. Bg5 dxe4 5. Nxe4 Nbd7 6. Nf3 Be7 7. Nxf6+ Bxf6
8. h4 h6 9. Bxf6 Qxf6 10. Qd2 a6 11. Be2 Rb8 12. O-O-O b5 13. g4 Bb7 14. Rh3
Rd8 15. Kb1 c5 16. g5 Qf5 17. Rg3 hxg5 18. Rxg5 Qf6 19. Qe3 Bxf3 20. Bxf3 Nb6
21. Rxc5 Nc4 22. Qe2 Rxh4 23. c3 Kf8 24. Ka1 Rf4 25. Rd3 Re8 26. Rc6 Qg5 27. a3
Na5 28. Rxa6 Nb3+ 29. Kb1 Qf5 30. Kc2 Rxd4 0-1

[Event "9MCRV_F"]
[Site "?"]
[Date "2009.??.??"]
[Round "2"]
[White "Jirku, Jaroslav"]
[Black "Kuta, Jiri"]
[Result "1/2-1/2"]
[WhiteElo "2316"]
[BlackElo "2375"]
[PlyCount "60"]
[EventDate "2009.??.??"]
[EventType "corr"]
[EventRounds "2"]

1. e4 e5 2. Nf3 Nc6 3. Bb5 a6 4. Ba4 Nf6 5. O-O Be7 6. Re1 b5 7. Bb3 O-O 8. c3
d5 9. exd5 Nxd5 10. Nxe5 Nxe5 11. Rxe5 c6 12. d3 Bd6 13. Re1 Bf5 14. Qf3 Qd7
15. Bxd5 cxd5 16. Bf4 Bxf4 17. Qxf4 Bxd3 18. Nd2 Rfe8 19. h3 h6 20. Nb3 Bg6 21.
a3 Rac8 22. Nd4 Re4 23. Qd2 Rce8 24. f3 R4e5 25. Rxe5 Rxe5 26. Re1 f6 27. Ra1
Be8 28. Re1 Bg6 29. Kf2 Qd6 30. Kf1 Qd7 1/2-1/2

[Event "9MCRV_F"]
[Site "?"]
[Date "2009.??.??"]
[Round "2"]
[White "Jirku, Jaroslav"]
[Black "Valak, Alois"]
[Result "1-0"]
[WhiteElo "2316"]
[BlackElo "2335"]
[PlyCount "73"]
[EventDate "2009.??.??"]
[EventType "corr"]
[EventRounds "2"]

1. e4 e5 2. Nf3 Nc6 3. Bb5 Nf6 4. O-O Bc5 5. Nxe5 Nxe5 6. d4 c6 7. dxe5 Nxe4 8.
Bd3 d5 9. exd6 Nf6 10. Bg5 Be6 11. Nc3 Bxd6 12. Qf3 h6 13. Bh4 g5 14. Bg3 Bxg3
15. Qxg3 Qa5 16. Qf3 Nd7 17. Ne4 O-O-O 18. Bc4 Nc5 19. Bxe6+ fxe6 20. Qf6 Nxe4
21. Qxe6+ Kb8 22. Qxe4 Rhe8 23. Qf3 Qe5 24. b3 Rd2 25. c4 Qf4 26. Qxf4+ gxf4
27. g3 fxg3 28. hxg3 a5 29. Kg2 Kc7 30. Kh3 Ree2 31. f4 Rxa2 32. Rxa2 Rxa2 33.
Kg4 Rg2 34. Rf3 Rh2 35. c5 Kd7 36. Re3 Kc7 37. f5 1-0

[Event "9MCRV_F"]
[Site "?"]
[Date "2009.??.??"]
[Round "2"]
[White "Novak, Vratislav"]
[Black "Jirku, Jaroslav"]
[Result "1/2-1/2"]
[WhiteElo "2278"]
[BlackElo "2316"]
[PlyCount "57"]
[EventDate "2009.??.??"]
[EventType "corr"]
[EventRounds "2"]

1. e4 e5 2. Nf3 Nc6 3. Bb5 a6 4. Ba4 Nf6 5. O-O Be7 6. Re1 b5 7. Bb3 O-O 8. c3
d5 9. exd5 Nxd5 10. Nxe5 Nxe5 11. Rxe5 c6 12. d4 Bd6 13. Re1 Qh4 14. g3 Qh3 15.
Re4 g5 16. Qf3 Bf5 17. Bxd5 cxd5 18. Re3 Be4 19. Rxe4 dxe4 20. Qf6 Bf4 21. Bxf4
gxf4 22. Qg5+ Kh8 23. Qxf4 Qe6 24. Nd2 f5 25. a4 b4 26. c4 Rac8 27. d5 Qf6 28.
Rb1 a5 29. b3 1/2-1/2

[Event "9MCRV_F"]
[Site "?"]
[Date "2009.??.??"]
[Round "2"]
[White "Novak, Vratislav"]
[Black "Kuta, Jiri"]
[Result "1/2-1/2"]
[WhiteElo "2278"]
[BlackElo "2375"]
[PlyCount "53"]
[EventDate "2009.??.??"]
[EventType "corr"]
[EventRounds "2"]

1. e4 c5 2. Nf3 Nc6 3. d4 cxd4 4. Nxd4 Nf6 5. Nc3 e5 6. Ndb5 d6 7. Bg5 a6 8.
Na3 b5 9. Nd5 Be7 10. Bxf6 Bxf6 11. c3 Bg5 12. Nc2 O-O 13. a4 bxa4 14. Rxa4 a5
15. Bc4 Rb8 16. b3 Kh8 17. Nce3 Ne7 18. Nxe7 Qxe7 19. Nd5 Qd8 20. O-O f5 21.
exf5 Bxf5 22. Qe2 Bd7 23. Ra2 Bc6 24. Rd1 Bd7 25. Rda1 a4 26. bxa4 Qa5 27. Bb5
1/2-1/2

[Event "9MCRV_F"]
[Site "?"]
[Date "2009.??.??"]
[Round "2"]
[White "Novak, Vratislav"]
[Black "Pecka, Josef"]
[Result "1/2-1/2"]
[WhiteElo "2278"]
[BlackElo "2292"]
[PlyCount "65"]
[EventDate "2009.??.??"]
[EventType "corr"]
[EventRounds "2"]

1. e4 e6 2. d4 d5 3. Nd2 Nf6 4. e5 Nfd7 5. f4 c5 6. c3 Nc6 7. Ndf3 Qb6 8. g3
cxd4 9. cxd4 Be7 10. Ne2 O-O 11. Bh3 a5 12. Nc3 Qa6 13. a3 b5 14. Bf1 Qb6 15.
Bxb5 Ba6 16. Bxa6 Qxa6 17. Qe2 a4 18. Be3 Qxe2+ 19. Kxe2 Rfb8 20. Ra2 Nb6 21.
Nd2 Na5 22. Rf1 g6 23. g4 Nbc4 24. Nxa4 Nxd2 25. Bxd2 Nb3 26. Nc3 Nxd4+ 27. Kd1
Rb3 28. a4 Rab8 29. Kc1 Nc6 30. Kc2 Bb4 31. Be3 Na5 32. Ba7 Rb7 33. Bd4 1/2-1/2

[Event "9MCRV_F"]
[Site "?"]
[Date "2009.??.??"]
[Round "2"]
[White "Novak, Vratislav"]
[Black "Valak, Alois"]
[Result "1/2-1/2"]
[WhiteElo "2278"]
[BlackElo "2335"]
[PlyCount "63"]
[EventDate "2009.??.??"]
[EventType "corr"]
[EventRounds "2"]

1. e4 e5 2. Nf3 Nc6 3. Bb5 a6 4. Ba4 Nf6 5. O-O Be7 6. Re1 b5 7. Bb3 d6 8. c3
O-O 9. h3 Na5 10. Bc2 c5 11. d4 Qc7 12. Nbd2 cxd4 13. cxd4 Bb7 14. d5 Rac8 15.
Bd3 Nd7 16. Nf1 f5 17. exf5 Nc4 18. Bb1 Nc5 19. Ng3 Nb6 20. Ne4 Nxd5 21. Nxc5
dxc5 22. a4 c4 23. Be4 Rcd8 24. Qe2 Bb4 25. Rd1 h6 26. axb5 axb5 27. Ra7 Bc5
28. Bxd5+ Rxd5 29. Rxd5 Bxa7 30. Rxb5 Rxf5 31. Be3 Bxf3 32. gxf3 1/2-1/2